LEADER 02942nam 2200481zu 450 001 996648624403316 005 20250214191448.0 010 $a9788815408662 010 $a8815408665 035 $a(CKB)37515492400041 035 $aon1501792915 035 $a(ItFiC)5925832 035 $a(EXLCZ)9937515492400041 100 $a20250214|2025uuuu || | 101 0 $aeng 135 $aur||||||||||| 200 00$aMediterranean economies 2024 $ethe new agenda for the Mediterranean : perspectives and challenges /$fedited by Salvatore Capasso and Giovanni Canitano 210 $aBologna $cIl mulino$d2024 215 $a514 p 300 $aAnnual. 300 $aCollected essays. 300 $aAt head of title: Istituto di studi sul Mediterraneo (CNR-ISMed) del Dipartimento di scienze umane e sociali, patrimonio culturale (CNR-DSU). 300 $aThis title is not available for purchase in Italy. 300 $a951773 characters 311 08$a9788815413758 311 08$a8815413758 311 08$a9788815390325 311 08$a8815390324 330 $aThe 2024 edition of Mediterranean Economies explores the European Union's "New Agenda for the Mediterranean", a transformative framework designed to enhance collaboration and sustainable development with its Southern Mediterranean neighbours. This comprehensive analysis focuses on the agenda's five key pillars: human development, governance, resilience and prosperity, peace and security, migration and mobility, and the green transition.Through contributions from leading scholars and policymakers, the book provides in-depth analyses of these interconnected themes, addressing the Mediterranean's shared challenges. 330 $aHighlights include the geopolitical consequences of the October 2023 Middle East crisis, the growing influence of Russia and China in the region, and infrastructure investments in MENA and Africa amidst G7-BRICS competition. The book also underscores the urgency of tackling environmental degradation, water scarcity, and gender inequalities while examining the intricate dynamics between migration policies and economic growth.As the Mediterranean faces environmental pressures, socio-economic disparities, and political instability, this book emphasises the need for innovative strategies and regional integration to transform these challenges into opportunities.Ideal for policymakers, academics, and stakeholders, Mediterranean Economies 2024 provides critical insights and actionable recommendations to foster a more inclusive, sustainable, and prosperous region [Publisher's text]. 676 $a337 676 $a333 676 $a327 676 $a304 676 $a055 701 $aCapasso$b Salvatore$0303759 701 $aCanitano$b Giovanni$01900631 801 0$bItFiC 801 1$bItFiC 906 $aBOOK 912 $a996648624403316 996 $aMediterranean economies 2024$94560846 997 $aUNISA